Al pie de la letra V : fabla salvaje.

Shranjeno v:
Bibliografske podrobnosti
Format: Neznan
Jezik:Spanish
Teme:
Oznake: Označite
Brez oznak, prvi označite!

MARC

LEADER 000000000a22000000004500
001 002249
041 0 |a spa 
245 0 0 |a Al pie de la letra V :   |b fabla salvaje. 
310 |a trimestral 
650 4 |a PERU 
650 4 |a PEREZ, HILDEBRANDO 
650 4 |a LOAIZA, HECTOR 
773 0 |x 008-7157  |d Cuba : Editorial Casa de las Américas  |t Casa de las Américas  |g número 51-52 (1968-1969), página 269 
942 |c ARC 
999 |c 9799  |d 9799